书目信息 |
| 题名: |
荀子礼学思想及其现代价值
|
|
| 作者: | 高春花 著 | |
| 分册: | ||
| 出版信息: | 北京 人民出版社 2004 |
|
| 页数: | 258页 | |
| 开本: | 21cm | |
| 丛书名: | ||
| 单 册: | ||
| 中图分类: | B222.65 | |
| 科图分类: | ||
| 主题词: | 荀子(前313-前238)--礼仪--思想--研究 | |
| 电子资源: | ||
| ISBN: | 7-01-004597-6 | |
| 000 | 01049nam0 2200313 450 | |
| 000 | 01012nam0 2200301 450 | |
| 000 | 00981nam0 2200301 450 | |
| 000 | 00927nam0 2200277 450 | |
| 000 | 00945nam0 2200265 450 | |
| 000 | 00908nam0 2200253 45 | |
| 001 | TS2006046062 | |
| 005 | 20070106100619.57 | |
| 010 | @a7-01-004597-6@dCNY20.00 | |
| 100 | @a20060829d2004 em y0chiy0120 ea | |
| 101 | 0 | @achi |
| 102 | @aCN@b110000 | |
| 105 | @ay z 000yy | |
| 200 | 1 | @a荀子礼学思想及其现代价值@AXun Zi Li Xue Si Xiang Ji Qi Xian Dai Jia Zhi@f高春花著@FGao Chun Hua Zhu |
| 210 | @a北京@c人民出版社@d2004 | |
| 215 | @a258页@d21cm | |
| 300 | @a河北省哲学社会科学规划研究项目 河北省社会科学规划基金资助出版 | |
| 320 | @a有书目 (第247-255页) | |
| 606 | 0 | @a荀子(前313-前238)@x礼仪@x思想@x研究 |
| 690 | @aB222.65@v4 | |
| 701 | 0 | @a高春花@AGao Chun Hua@4著 |
| 801 | 0 | @aCN@b中图数据@c20070106 |
| 905 | @a10447@dB222.65@e296 | |
| 荀子礼学思想及其现代价值/高春花著.-北京:人民出版社,2004 |
| 258页;21cm |
| 河北省哲学社会科学规划研究项目 河北省社会科学规划基金资助出版 |
| ISBN 7-01-004597-6:CNY20.00 |
| ● |
| 相关链接 |
|
|
|
|
正题名:荀子礼学思想及其现代价值
索取号:B222.65/296
 
预约/预借
| 序号 | 登录号 | 条形码 | 馆藏地/架位号 | 状态 | 备注 |
| 1 | 0604732 | 206047320 | 第一样本阅览室/ [索取号:B222.65/296] | 在馆 | |
| 2 | 0604733 | 206047339 | 第一借阅区/ [索取号:B222.65/296] | 在馆 | |
| 3 | 0604734 | 206047348 | 第一借阅区/ [索取号:B222.65/296] | 在馆 | |
| 4 | 0604735 | 206047357 | 第一借阅区/ [索取号:B222.65/296] | 在馆 | |
| 5 | 0604736 | 206047366 | 第一借阅区/ [索取号:B222.65/296] | 在馆 |